000 00866nam a22002297a 4500
999 _c3577
_d3577
003 AR-CdUCM
008 190306b ||||| |||| 00| 0 spa d
040 _aMUNICIPALIDAD PROVINCIAL DEL CUSCO
_cBIBLIOTECA MUNICIPAL DEL CUSCO
082 _a372.1 /
_bEM51
100 _aEmmer, Edmund T.
_911710
245 _aDocencia con laboratorio experimental /
260 _aMéxico, D.F :
_bGuadalupe,
_bCentro Regional de Ayuda Técnica : Agencia para el Desarrollo Internacional,
_c1973.
300 _a175 páginas ;
_c24 cm.
440 _aBiblioteca pedagógica.
_nSección 1
_911711
505 _aContenido:El laboratorio -- Tareas básicas de enseñanza -- Tareas de aprendizaje.
650 _aPedagogía
_91560
650 _aEducación
_9460
650 _aMetodología experimental
_911712
700 _aMillett, Gregg B.
_911713
942 _2ddc
_cLIBROS
945 _azta